000 00309nam a22001337a 4500
008 180226b xxu||||| |||| 00| 0 eng d
020 _a0673189663
041 _aeng
080 _a33
100 _a52
101 _aEKO
245 _aDollars and sense an introduction to economics
_cCarty,M
942 _2udc
_cBK
999 _c43427
_d43427